000 00456nam a2200157 4500
001 138837
003 ES-MaACL
005 20230906195640.0
007 t|
008 070214s1965 sp r ||||1| spa d
100 1 _aSantos Torroella, Rafael.
_9103536
245 1 0 _aDel románico al pop art /
_cRafael Santos Torroella.
260 _aBarcelona [etc.] :
_bE. D. H. A. S. A.,
_c1965.
300 _a264 p. ;
_c20 cm.
852 _aES-MaACL
_jC-29395
_bR.59750
999 _c138837
_d138837